000 00904nam a2200265 i 4500
001 16051
003 ES-MaACL
005 20230906151232.0
007 t|
008 000620s1999 sp ||||0| spa j
020 _a84-309-3393-X
040 _aM-BN
_bspa
_cM-BN
080 _a378:351.851(460)"19"(094.5)
245 0 0 _aLegislación universitaria
_b: normativa general y autonómica /
_cedición preparada por Antonio Embid Irujo y Fernando Gurrea Casamayor.
250 _a7ª ed.
260 _aMadrid :
_bTecnos,
_c1999.
300 _a1075 p. ;
_c24 cm.
490 1 _aBiblioteca de textos legales ;
_v73
650 4 _aEnseñanza superior-
_zEspaña-
_vLegislación.
_912319
700 1 _aEmbid Irujo, Antonio.
_947138
700 1 _aGurrea Casamayor, Fernando.
_960996
830 0 _aBiblioteca de textos legales ;
_v73
_9177271
852 _aES-MaACL
_jL-23267
_bR.128610
999 _c16051
_d16051